The illustrated atlas of the universe (Record no. 46164)

MARC details
000 -LEADER
fixed length control field 00701nam a2200217 a 4500
008 - FIXED-LENGTH DATA ELEMENTS--GENERAL INFORMATION
fixed length control field 210222s2006 ||||||||||||||||| || u
020 ## - INTERNATIONAL STANDARD BOOK NUMBER
International Standard Book Number 9781740893770
050 ## - LIBRARY OF CONGRESS CALL NUMBER
Classification number REF QB 65 Gar
100 ## - MAIN ENTRY--PERSONAL NAME
Personal name Tirion, Wil
245 14 - TITLE STATEMENT
Title The illustrated atlas of the universe
Statement of responsibility, etc. By Mark A. Garlick; Wil Tirion
260 ## - PUBLICATION, DISTRIBUTION, ETC.
Place of publication, distribution, etc. Sydney
Name of publisher, distributor, etc. Fog City Press
Date of publication, distribution, etc. 2006
300 ## - PHYSICAL DESCRIPTION
Extent 304 pages : illustrations
650 ## - SUBJECT ADDED ENTRY--TOPICAL TERM
Topical term or geographic name entry element OUTER SPACE
650 ## - SUBJECT ADDED ENTRY--TOPICAL TERM
Topical term or geographic name entry element PLANETS
650 ## - SUBJECT ADDED ENTRY--TOPICAL TERM
Topical term or geographic name entry element ASTRONOMY
650 ## - SUBJECT ADDED ENTRY--TOPICAL TERM
Topical term or geographic name entry element COSMOLOGY
650 ## - SUBJECT ADDED ENTRY--TOPICAL TERM
Topical term or geographic name entry element SOLAR SYSTEM
650 ## - SUBJECT ADDED ENTRY--TOPICAL TERM
Topical term or geographic name entry element STARS
700 ## - ADDED ENTRY--PERSONAL NAME
Personal name Garlick, Mark A
995 ## - RECOMMENDATION 995 [LOCAL, UNIMARC FRANCE]
-- 84.41
-- CBU-MAIN LIBRARY (Kitwe)
-- 1
-- AVAILABLE
-- Mar 3, 2021
-- Reference Collection
Holdings
Withdrawn status Lost status Source of classification or shelving scheme Damaged status Not for loan Home library Current library Shelving location Date acquired Total Checkouts Full call number Barcode Date last seen Price effective from Koha item type
          CBU-MAIN LIBRARY, KITWE. CBU-MAIN LIBRARY, KITWE.   11/30/2022   REF QB 65 Gar 750801 11/30/2022 11/30/2022 MONOGRAPH